000
00187 a2200097 4500
020
_a
9788430519620
041
_a
spa
100
_a
Osorio Marta
245
_a
Un Monton de Osos
942
_c
BK
999
_c
31491
_d
31489